Where was it Invented? - Statistics

General Stats
  • This quiz has been taken 22 times
  • The average score is 4 of 15
Answer Stats
Question Answer % Correct
Sauana Finland
75%
Stethoscope France
63%
Frisbee USA
50%
Submarine Netherlands
38%
Digital Clock Austria
25%
Roller skates Belgium
25%
Skype Estonia
25%
Aerosol Spray Can Norway
25%
Saxophone Belgium
13%
Fork China
13%
Carabiner Germany
13%
Bean bag chair Italy
13%
Jumbotron Japan
13%
Bong Russia
0%
LSD Switzerland
0%
No matching quizzes found
Score Distribution
Percent of People with Each Score
Percentile by Number Answered
Your Score History
You have not taken this quiz